Edičný plán na rok ... prieskumová verzia

Bibliographic Details
Corporate Author: Univerzita Komenského v Bratislave. Rektorát. Vydavateľstvo
Format: Serial
Language:Slovak
Published: Bratislava Univerzita Komenského 1985

MARC

LEADER 00000cas a2200000 a 4500
001 vtls001347565
003 SK-MaSNL
005 20260228155711.0
008 180126d19861986xo ar| 0 0 0slo
035 |a SNK000300829 
040 |a SNK  |b slo  |c SNK  |e AACR2 
041 |a slo 
044 |a xo  |c SK 
110 2 |a Univerzita Komenského v Bratislave.  |b Rektorát.  |b Vydavateľstvo  |9 236010 
245 1 0 |a Edičný plán na rok ...  |b prieskumová verzia 
260 |a Bratislava  |b Univerzita Komenského  |c 1985 
910 |a snk 
999 |c 256  |d 256 
952 |0 0  |1 0  |4 0  |7 0  |8 5  |a SNK  |b SNK  |d 1998-11-04  |i snkF 1558/98  |l 0  |o snkČSB 3862/A/1986  |p 17A0165725  |r 2005-01-02 00:00:00  |w 2026-02-21  |y PREZ